[Event "AUTO-OPEN-2375"]
[Site "http://www.queenalice.com/game.php?id=943814"]
[Date "2011.5.29"]
[Round "1"]
[White "josedesouza"]
[Black "geniolucio"]
[Result "1-0"]
[WhiteElo "1111"]
[BlackElo "1661"]

1. e4 e5 2. Nf3 Nc6 3. Nc3 Nf6 4. Bc4 h6 5. O-O Bc5 6. h3 Nd4 7. Nxe5 d6 8. Nxf7
Ke7 9. Nxd8 Kxd8 10. a3 Bd7 11. d3 Re8 12. Re1 c6 13. b4 Bb6 14. Ra2 Bc7 15. Be3
Ne6 16. f4 b5 17. Bb3 a5 18. bxa5 Bxa5 19. Bd2 Nd4 20. Bf7 Re7 21. Bg6 c5 22. a4
b4 23. Nb1 b3 24. Nc3 Nxc2 25. Rxc2 bxc2 26. Qxc2 Re6 27. f5 Re7 28. Qb3 Bb4 29.
Ra1 Ra5 30. Bf4 Bxc3 31. Qxc3 Rxa4 32. Rxa4 Bxa4 33. Qa5+ 1-0

[Event "AUTO-OPEN-2375"]
[Site "http://www.queenalice.com/game.php?id=943815"]
[Date "2011.5.29"]
[Round "1"]
[White "geniolucio"]
[Black "Givanildo"]
[Result "1-0"]
[WhiteElo "1682"]
[BlackElo "1593"]

1. e4 e5 2. Nf3 Qf6 3. d3 h6 4. b3 Bb4+ 5. c3 Bd6 6. Bb2 b6 7. Be2 g5 8. Nbd2 b5
9. c4 a6 10. cxb5 axb5 11. Rc1 Bb4 12. O-O Bxd2 13. Nxd2 Rxa2 14. Ba1 Ra7 15.
Nf3 g4 16. Nd2 h5 17. g3 d6 18. f4 gxf3 19. Rxf3 Qe7 20. Qf1 f6 21. Qf2 c5 22.
b4 c4 23. dxc4 Rc7 24. Qb6 Rb7 25. Qa5 Bg4 26. Rf2 Nc6 27. Qa8+ Kf7 28. Bxg4
hxg4 29. cxb5 Rxb5 30. Qxc6 Rxb4 31. Bc3 Rb8 32. Nc4 Rd8 33. Bb4 Qe6 34. Qc7+
Ne7 35. Bxd6 Rd7 36. Nxe5+ Kg7 37. Nxd7 Rc8 38. Qxc8 Nxc8 39. Rxc8 Qxd6 40. Nxf6
Qd1+ 41. Rf1 Qd4+ 42. Kh1 Qd3 43. Rg8+ Kh6 44. Nxg4+ Kh7 45. Rgf8 Qxe4+ 46. Kg1
Qxg4 47. R1f4 Qd1+ 48. Kg2 Qd5+ 49. Kh3 Qh5+ 50. Rh4 Qxh4+ 51. Kxh4 Kg7 52. Rf4
Kg6 53. g4 Kh6 54. Rf6+ Kg7 55. g5 Kh7 56. Kh5 Kg8 57. Kg6 Kh8 58. Rf8# 1-0

[Event "AUTO-OPEN-2375"]
[Site "http://www.queenalice.com/game.php?id=943816"]
[Date "2011.5.29"]
[Round "1"]
[White "Givanildo"]
[Black "geniolucio"]
[Result "1-0"]
[WhiteElo "1517"]
[BlackElo "1696"]

1. Nf3 d5 2. e3 a6 3. d4 Nf6 4. Ne5 Nbd7 5. Nxd7 Qxd7 6. h3 e6 7. a3 Bd6 8. g3
O-O 9. Bd3 b6 10. b3 Ne4 11. Bxe4 dxe4 12. c4 c5 13. d5 exd5 14. Qxd5 Bb7 15.
Qd1 Rad8 16. Bd2 Be5 17. Ra2 Qd3 18. Rb2 Bxb2 19. f4 Qd7 20. g4 Qc6 21. O-O Rd3
22. g5 Rfd8 23. Qg4 Bc8 24. Qg3 Rxd2 25. Nxd2 Rxd2 26. h4 g6 27. h5 Bf5 28. h6
Bxa3 29. Qe1 Bb4 30. Qa1 a5 31. Qg7# 1-0

[Event "AUTO-ADV-2186"]
[Site "http://www.queenalice.com/game.php?id=947942"]
[Date "2011.6.9"]
[Round "1"]
[White "Dsilver"]
[Black "geniolucio"]
[Result "1-0"]
[WhiteElo "1715"]
[BlackElo "1618"]

1. e4 e5 2. Qh5 Nc6 3. Bc4 g6 4. Qf3 f6 5. Qb3 Qe7 6. Bxg8 Nd4 7. Qc4 Ne6 8.
Bxe6 dxe6 9. Nc3 c6 10. Nf3 Bg7 11. d4 exd4 12. Nxd4 Bd7 13. Bf4 e5 14. Bxe5
fxe5 15. Nde2 O-O-O 16. Nb5 Kb8 17. Na3 Be6 18. Qc3 Qh4 19. Qf3 Bg4 20. Qg3 Qxg3
21. Nxg3 Rd7 22. O-O h5 23. h3 Be6 24. b4 Rd2 25. c4 Bf8 26. c5 Bh6 27. Nh1 Bxa2
28. b5 cxb5 29. Nxb5 Bc4 30. Rfb1 Bd3 31. Rb4 Bf8 32. Nxa7 Bxc5 33. Rba4 Bxe4
34. Nb5 Bc6 35. Ra8# 1-0

[Event "AUTO-ADV-2186"]
[Site "http://www.queenalice.com/game.php?id=947943"]
[Date "2011.6.9"]
[Round "1"]
[White "geniolucio"]
[Black "Dsilver"]
[Result "0-1"]
[WhiteElo "1631"]
[BlackElo "1702"]

1. d4 d5 2. Nf3 e6 3. c3 c5 4. e3 b6 5. Bb5+ Bd7 6. Bxd7+ Qxd7 7. Ne5 Qc7 8. O-O
f6 9. Nf3 g5 10. h3 h5 11. Nh2 g4 12. h4 e5 13. Nd2 e4 14. Re1 Bd6 15. g3 f5 16.
Nb3 cxd4 17. Nxd4 a6 18. Nxf5 Be5 19. Qxd5 Nc6 20. Qxe4 Nf6 21. Ng7+ Kf7 22. Nf5
Nxe4 23. Nf1 Ke6 24. Nd4+ Bxd4 25. exd4 Kd5 26. Bf4 Qf7 27. Ne3+ Ke6 28. Nc4 Kf5
29. Rxe4 Qxc4 30. Re3 Rhe8 31. Be5 Nxe5 32. dxe5 Rxe5 33. Rxe5+ Kxe5 34. Re1+
Kf5 0-1

[Event "AUTO-ADV-2186"]
[Site "http://www.queenalice.com/game.php?id=947954"]
[Date "2011.6.9"]
[Round "1"]
[White "Nunes"]
[Black "geniolucio"]
[Result "0-1"]
[WhiteElo "1840"]
[BlackElo "1662"]

1. e4 e5 2. Nf3 Nc6 3. Bb5 Nge7 4. O-O a6 5. Ba4 b5 6. Bb3 Ng6 7. Bd5 Nf4 8.
Bxc6 dxc6 9. d4 Ng6 10. dxe5 Bd7 11. Bg5 Be7 12. Qd2 Bxg5 13. Nxg5 Nxe5 14. Qf4
f6 15. b3 Ng6 16. Qg3 fxg5 17. Nc3 O-O 18. Rad1 Nf4 0-1

[Event "AUTO-ADV-2186"]
[Site "http://www.queenalice.com/game.php?id=947962"]
[Date "2011.6.9"]
[Round "1"]
[White "geniolucio"]
[Black "kingpatrick"]
[Result "0-1"]
[WhiteElo "1749"]
[BlackElo "1847"]

1. Nf3 Nf6 2. d4 g6 3. Nc3 Bg7 4. e4 d6 5. Bd3 O-O 6. b3 c5 7. dxc5 dxc5 8. Bg5
Nc6 9. O-O Bg4 10. h3 Bxf3 11. Qxf3 Nd4 12. Qd1 e5 13. Bxf6 Bxf6 14. Nd5 Bg5 15.
c3 Ne6 16. c4 Bf4 17. g3 Bg5 18. h4 Be7 19. Qf3 Nd4 20. Qg2 a6 21. Rfd1 Nc6 22.
Nxe7+ Qxe7 23. Bc2 Nd4 24. Bd3 Qe6 25. Kh2 Qf6 26. Rf1 Rad8 27. Rad1 Nc6 28. Bc2
Rd4 29. Rxd4 Nxd4 30. Bd3 Rd8 31. Rd1 Nc6 32. a3 Rd4 33. Rd2 Na5 34. b4 Nxc4 35.
Rd1 Nb2 36. Rc1 Nxd3 37. Rd1 cxb4 38. axb4 Nxb4 39. Rxd4 exd4 40. f3 d3 41. Qd2
a5 42. f4 Qd4 43. e5 a4 0-1

[Event "AUTO-ADV-2186"]
[Site "http://www.queenalice.com/game.php?id=947963"]
[Date "2011.6.9"]
[Round "1"]
[White "kingpatrick"]
[Black "geniolucio"]
[Result "1-0"]
[WhiteElo "1859"]
[BlackElo "1787"]

1. d4 d5 2. c4 dxc4 3. Nc3 e6 4. e4 a6 5. Bxc4 b5 6. Be2 Bb4 7. Nf3 Nf6 8. O-O
Bxc3 9. bxc3 O-O 10. Bg5 h6 11. Bxf6 Qxf6 12. Qc2 Nd7 13. e5 Qg6 14. Qxg6 fxg6
15. Nh4 Kh7 16. Bd3 Kg8 17. Nxg6 Re8 18. f4 Bb7 19. g4 Nf8 20. h4 Nxg6 21. Bxg6
Re7 22. Rfe1 Bf3 23. g5 Rf8 24. Rf1 Bg4 25. Kh2 Bf5 26. Bxf5 Rxf5 27. Kg3 hxg5
28. hxg5 g6 29. a4 c6 30. axb5 axb5 31. Ra8+ Rf8 32. Rxf8+ Kxf8 33. Ra1 Rb7 34.
Ra8+ Kf7 35. Rc8 Rb6 36. Rc7+ Ke8 37. Kf3 b4 38. cxb4 Rxb4 39. Rxc6 Kd7 40. Rd6+
Ke7 41. Ke4 Rb2 42. Rc6 Re2+ 43. Kf3 Rd2 44. Ke3 Rd1 45. Rc2 Kd7 46. Rc3 Re1+
47. Kf3 Rf1+ 48. Ke4 Re1+ 49. Re3 1-0

[Event "AUTO-OPEN-2385"]
[Site "http://www.queenalice.com/game.php?id=947990"]
[Date "2011.6.9"]
[Round "1"]
[White "andydede"]
[Black "geniolucio"]
[Result "1-0"]
[WhiteElo "1535"]
[BlackElo "1709"]

1. e4 e5 2. Nf3 d6 3. Bc4 h6 4. O-O c6 5. d4 exd4 6. Nxd4 Nf6 7. Qf3 Bg4 8. Qf4
g5 9. Qe3 Be7 10. h3 Bh5 11. e5 dxe5 12. Qxe5 Nbd7 13. Qf5 Bg6 14. Qf3 Ne5 15.
Qc3 Nxc4 16. Qxc4 O-O 17. Re1 Nd5 18. Nc3 Qd7 19. Ne4 Bxe4 20. Rxe4 Bf6 21. Qd3
Nb4 22. Qd2 a5 23. c3 Nd5 24. b3 Qf5 25. Nxf5 Bxc3 26. Nxh6+ Kg7 27. Qxg5+ Kh7
28. Nxf7 Rxf7 29. Rh4# 1-0

[Event "AUTO-OPEN-2385"]
[Site "http://www.queenalice.com/game.php?id=947991"]
[Date "2011.6.9"]
[Round "1"]
[White "geniolucio"]
[Black "andydede"]
[Result "1/2-1/2"]
[WhiteElo "1606"]
[BlackElo "1637"]

1. e4 e5 2. Nf3 Nc6 3. Bb5 f6 4. O-O a6 5. Ba4 g5 6. Ne1 Nh6 7. f3 Bc5+ 8. Kh1
d6 9. Bxc6+ bxc6 10. c3 g4 11. b4 Ba7 12. d4 exd4 13. cxd4 Nf7 14. Bb2 gxf3 15.
Qxf3 Ng5 16. Qxf6 Qxf6 17. Rxf6 Nxe4 18. Rf3 Rg8 19. Nd3 Bg4 20. Rf4 d5 21. Ne5
h5 22. Na3 Rf8 23. Rxf8+ Kxf8 24. Nxc6 Nf2+ 25. Kg1 Nd3 26. Bc3 Bb6 27. Rf1+ Ke8
28. h3 Be2 29. Rf5 Kd7 30. Ne5+ Nxe5 31. Rxe5 Re8 32. Rxe8 Kxe8 33. Nc2 c6 34.
Ne3 Bc7 35. Kf2 Bd3 36. a4 h4 37. Ng4 Bg3+ 38. Ke3 Be4 39. Nf6+ Kf7 40. Nxe4
dxe4 41. Kxe4 Ke6 42. b5 cxb5 43. axb5 axb5 44. d5+ Kd7 45. Bb4 Bd6 46. Bxd6
Kxd6 47. Kd4 b4 48. Kc4 b3 49. Kxb3 Kxd5 50. Kc3 Ke4 1/2-1/2

[Event "AUTO-OPEN-2385"]
[Site "http://www.queenalice.com/game.php?id=948010"]
[Date "2011.6.9"]
[Round "1"]
[White "thiagosg666"]
[Black "geniolucio"]
[Result "0-1"]
[WhiteElo "1378"]
[BlackElo "1637"]

1. e4 e6 2. d3 c5 3. f4 Nc6 4. f5 e5 5. g4 Qh4+ 6. Kd2 Qf2+ 7. Kc3 b5 8. h4 b4+
9. Kb3 Nd4+ 10. Ka4 d6 11. Qd2 Bd7+ 12. Ka5 Qxf1 13. c3 Nc6+ 14. Kb5 a6+ 15. Kc4
Na5+ 16. Kd5 Nf6# 0-1

[Event "AUTO-OPEN-2385"]
[Site "http://www.queenalice.com/game.php?id=948011"]
[Date "2011.6.9"]
[Round "1"]
[White "geniolucio"]
[Black "thiagosg666"]
[Result "1-0"]
[WhiteElo "1735"]
[BlackElo "1433"]

1. e4 f6 2. d4 e5 3. dxe5 fxe5 4. Nf3 d6 5. Bc4 Ne7 6. h3 d5 7. exd5 Nf5 8. Nxe5
Bb4+ 9. c3 Bc5 10. b4 Bb6 11. a4 Rf8 12. g4 Qh4 13. Be3 Bxe3 14. O-O Qxh3 15.
gxf5 Rxf5 16. fxe3 Nd7 17. Rxf5 Nb6 18. Rf3 Qh4 19. Bb5+ c6 20. dxc6 1-0

[Event "AUTO-OPEN-2385"]
[Site "http://www.queenalice.com/game.php?id=948022"]
[Date "2011.6.9"]
[Round "1"]
[White "geniolucio"]
[Black "CCapivara"]
[Result "0-1"]
[WhiteElo "1663"]
[BlackElo "2168"]

1. d4 d5 2. c4 e5 3. e3 exd4 4. Qxd4 Bb4+ 5. Bd2 Bxd2+ 6. Nxd2 Nf6 7. cxd5 Qxd5
8. Qxd5 Nxd5 9. Bc4 Be6 10. Ngf3 Nd7 11. Nd4 Ne5 12. Bxd5 Bxd5 13. O-O O-O-O 14.
N2b3 g6 15. Nb5 Bxb3 16. axb3 a6 17. Nd4 Rd6 18. Nb5 Rd2 19. Nd4 Rxb2 20. Ra5 f6
21. Rc1 Re8 22. f4 Ng4 23. Rac5 Re7 24. R5c3 c6 25. h3 Nxe3 26. Nf3 Rxg2+ 27.
Kh1 Rf2 28. Nd4 Rxf4 29. Ne2 Rf3 30. Nf4 Rxf4 31. Rxe3 Rxe3 0-1

[Event "AUTO-OPEN-2385"]
[Site "http://www.queenalice.com/game.php?id=948023"]
[Date "2011.6.9"]
[Round "1"]
[White "CCapivara"]
[Black "geniolucio"]
[Result "1-0"]
[WhiteElo "2150"]
[BlackElo "1686"]

1. e4 e5 2. f4 exf4 3. Nf3 Nf6 4. e5 Nd5 5. Bc4 c6 6. Bxd5 cxd5 7. d4 Nc6 8.
Bxf4 Be7 9. O-O O-O 10. c3 b6 11. Qb3 Bb7 12. Qxd5 Na5 13. Qb5 Bc6 14. Qd3 a6
15. b3 Bxf3 16. Qxf3 Nc6 17. Nd2 Bg5 18. Bxg5 Qe8 19. Ne4 h6 20. Bxh6 gxh6 21.
Nf6+ Kg7 22. Qg4+ Kh8 23. Qf5 Qe6 24. Qh7# 1-0

[Event "QA-ANNIV-07"]
[Site "http://www.queenalice.com/game.php?id=950602"]
[Date "2011.6.16"]
[Round "1"]
[White "yugioh1"]
[Black "geniolucio"]
[Result "0-1"]
[WhiteElo "1307"]
[BlackElo "1643"]

1. d4 d5 2. Nc3 Nf6 3. Bf4 e6 4. Nb5 Na6 5. Nf3 Bd7 6. Nc3 Nb4 7. e3 Ne4 8. Ne5
f6 9. Nxe4 dxe4 10. Nc4 g5 11. Bg3 h5 12. c3 Nd3+ 0-1

[Event "QA-ANNIV-06"]
[Site "http://www.queenalice.com/game.php?id=966939"]
[Date "2011.7.31"]
[Round "5"]
[White "geniolucio"]
[Black "mizu"]
[Result "1-0"]
[WhiteElo "1749"]
[BlackElo "1744"]

1. e4 e5 2. Nf3 Nc6 3. Bb5 a6 4. Bxc6 dxc6 5. Nxe5 Qd4 6. Nd3 Qxe4+ 7. Kf1 Be6
8. Nc5 Qc4+ 9. Nd3 O-O-O 10. b3 Qh4 11. Nc3 Bd6 12. Ne2 Nf6 13. Kg1 Bd5 14. c4
Be6 15. g3 Qe4 16. Nc3 Qxd3 17. Bb2 Bg4 18. Qf1 1-0